Late stages of stellar evolution (Record no. 4713)

MARC details
000 -LEADER
fixed length control field 00832nam a2200217Ia 4500
003 - CONTROL NUMBER IDENTIFIER
control field IN-BaIIA
008 - FIXED-LENGTH DATA ELEMENTS--GENERAL INFORMATION
fixed length control field 211028s9999 xx 000 0 eng d
020 ## - INTERNATIONAL STANDARD BOOK NUMBER
International Standard Book Number 90-277-0470-8
040 ## - CATALOGING SOURCE
Transcribing agency IIA Library
080 ## - UNIVERSAL DECIMAL CLASSIFICATION NUMBER
Universal Decimal Classification number 082.2:52
Item number IAU-S66
111 ## - MAIN ENTRY--MEETING NAME
Meeting name or jurisdiction name as entry element International Astronomical Union Symposium
Number of part/section/meeting 66th
Location of meeting Warsaw, Poland
Date of meeting or treaty signing 1973 Sep. 10-12
9 (RLIN) 8355
245 #0 - TITLE STATEMENT
Title Late stages of stellar evolution
Remainder of title proceedings of the IAU symposium no.66 (Copernicus Symposium V), held in Warsaw, Poland, September 10-12, 1973
Statement of responsibility, etc. edited by R. J. Tayler
260 ## - PUBLICATION, DISTRIBUTION, ETC.
Place of publication, distribution, etc. Dordrecht
Name of publisher, distributor, etc. D. Reidel Publishing
Date of publication, distribution, etc. 1974
300 ## - PHYSICAL DESCRIPTION
Extent viii, 269p.
490 ## - SERIES STATEMENT
Series statement IAU Symposium; no. 66
650 ## - SUBJECT ADDED ENTRY--TOPICAL TERM
Topical term or geographic name entry element  Star formation
9 (RLIN) 8356
650 ## - SUBJECT ADDED ENTRY--TOPICAL TERM
Topical term or geographic name entry element  Stellar evolution 
9 (RLIN) 8357
650 ## - SUBJECT ADDED ENTRY--TOPICAL TERM
Topical term or geographic name entry element Astronomy and Astrophysics Thesaurus 
9 (RLIN) 1143
700 ## - ADDED ENTRY--PERSONAL NAME
Personal name Tayler, R. J., ed.
9 (RLIN) 8358
942 ## - ADDED ENTRY ELEMENTS (KOHA)
Koha item type Books
Holdings
Withdrawn status Lost status Damaged status Not for loan Home library Current library Shelving location Date acquired Total Checkouts Full call number Barcode Date last seen Price effective from Koha item type
        IIA Library-Bangalore IIA Library-Bangalore General Stacks 08/05/1975   082.2:52/ IAU-S66 5267 05/11/2021 08/05/1975 Books

Powered by Koha